|
|
|
|
| LEADER |
00000nkm a2200000 a 4500 |
| 001 |
vtls001361011 |
| 003 |
SK-MaSNL |
| 005 |
20260512124419.0 |
| 007 |
kp co |
| 008 |
230706s1915 hu g 0k|hun |
| 015 |
|
|
|a SNBG1915
|
| 035 |
|
|
|a SNK000314581
|
| 035 |
|
|
|a urn:nbn:sk:snk-km003rhg
|
| 035 |
|
|
|a ADC18B85-DE8B-4BF4-BCEC-168FF0DD8AB0
|
| 035 |
|
|
|a urn:nbn:sk:snk-kmtftz
|
| 040 |
|
|
|a SNK
|b slo
|c SNK
|e AACR2
|
| 041 |
0 |
|
|a hun
|
| 043 |
|
|
|a e-xo---
|
| 044 |
|
|
|a hu
|c HU
|
| 072 |
|
7 |
|a 913
|x Regionálna geografia
|2 konspekt
|
| 080 |
|
|
|a 913(437.6)
|2 1981
|
| 080 |
|
|
|a 726.54(437.6)
|2 1981
|
| 080 |
|
|
|a (084.121)
|2 1981
|
| 080 |
|
|
|a 726.54:272
|2 1981
|
| 080 |
|
|
|a 725.95
|2 2001
|
| 245 |
0 |
0 |
|a Ruttka
|h grafika
|b Róm. kath. templom
|
| 260 |
|
|
|a Budapest
|b Vasuti levelezőlapárusitás
|c 1915
|e [Budapešť]
|f [Divald és Monostory]
|
| 300 |
|
|
|a 1 pohľadnica
|b kolorovaná
|c 14 x 9 cm
|
| 500 |
|
|
|a Názvové údaje prevzaté z obrazovej časti pohľadnice
|
| 520 |
8 |
|
|a Zobrazenie: Pohľad od mosta na katolícky kostol obklopený stomamy
|
| 610 |
2 |
7 |
|a Farský kostol sv. Jána Krstiteľa (Vrútky, Slovensko)
|2 SNKKA
|9 387128
|
| 650 |
0 |
7 |
|a katolícke kostoly
|2 SNKPH
|9 3028
|
| 650 |
0 |
7 |
|a mosty
|2 SNKPH
|9 3015
|
| 651 |
|
7 |
|a Vrútky (Slovensko)
|2 SNKPHgeo
|9 55637
|
| 655 |
|
7 |
|a miestne pohľadnice
|2 SNKPH
|9 70510
|
| 852 |
|
|
|a Slovenská národná knižnica
|
| 958 |
|
|
|a GBN
|
| 958 |
|
|
|a ONDV
|
| 958 |
|
|
|a GC
|
| 999 |
|
|
|c 893243
|d 895173
|
| 952 |
|
|
|a SNK
|b SNK
|y PREZ
|7 0
|p 17A0190760
|o snkSP 151277
|i snkPV 572/2002
|z Pohľadnica prešla poštou.
|0 0
|1 0
|4 0
|d 2002-07-16
|f 1
|l 0
|r 2005-01-02 00:00:00
|w 2026-02-24
|